| 000 | 00859nac a22001931u 4500 | ||
|---|---|---|---|
| 010 | _a001968579 | ||
| 020 | _a0194423735 | ||
| 082 |
_a362.1091724 _bK5801 |
||
| 090 |
_c3394 _d3394 |
||
| 100 | _aKing, Maurice Henry. | ||
| 245 |
_aMedical care in developing countries: _b a primer on the medicine of poverty and a symposium from Makerere, based on a conference assisted/ _cby WHO/UNICEF ... edited and illustrated by Maurice King. |
||
| 260 |
_aOxford: _bOxford University Press,c.1966. _cC.1966. |
||
| 300 |
_app. [537]; _b illus., maps. _c23 cm. |
||
| 500 | _aDonations. | ||
| 500 | _aDonations - Bibliotheca Alexandrina. | ||
| 650 | _aMedical care -- Developing countries. | ||
| 942 |
_cBB _k362.1091724K5801 |
||
| 999 |
_c3394 _d3394 |
||